00637nam a22002057a 450000500170000001000270001702000260004403500130007003500170008303500130010003700170011303700130013008200080014324501120015125000170026326000430028027000580032330000330038170000170041420170824110054.0 a1516EN07 ENG-114697 a9788170357162c460.00 aEN-98229 aB-598469-499 aB-667751 adplbKKP/Ven bDBAD/PUB a630 aObjective agriculture science :cedited by U.D.Chavan [and] J.V.Patilbquestion bank as per new syllabus / acorrected ed aNew DelhibDaya Publishing Housec2015 a4760-61/23, Ansari Road, DaryaganjbNew Delhie110002 axii,734p. :c28cm(pbk)bill. a.Patil, J.V.